[Event "CZECH OPEN 2011 "]
[Site "Pardubice (CZE)"]
[Date "2011.07.28"]
[Round "7.42"]
[White "Schuh, Dirk"]
[Black "Llaneza Vega, Marcos"]
[Result "1/2-1/2"]
[WhiteElo "2364"]
[BlackElo "2465"]
[PlyCount "20"]
[EventDate "2011.07.22"]

1. d4 Nf6 2. Nf3 g6 3. Nc3 d5 4. Bf4 Bg7 5. e3 O-O 6. Be2 b6 7. Ne5 Bb7 8. h4
Nbd7 9. h5 Nxe5 10. Bxe5 Ne4 1/2-1/2

[Event "CZECH OPEN 2011 "]
[Site "Pardubice (CZE)"]
[Date "2011.07.28"]
[Round "7.43"]
[White "Gislason, Gudmundur"]
[Black "Velicka, Petr"]
[Result "0-1"]
[WhiteElo "2322"]
[BlackElo "2461"]
[PlyCount "113"]
[EventDate "2011.07.22"]

1. d4 Nf6 2. Nf3 e6 3. g3 c5 4. Bg2 cxd4 5. Nxd4 d5 6. O-O Be7 7. b3 O-O 8. Bb2
Nc6 9. e3 Bd7 10. Nd2 Rc8 11. a3 Qc7 12. c4 Nxd4 13. Bxd4 Bc6 14. cxd5 Nxd5 15.
Nc4 b5 16. Ne5 Nc3 17. Qd3 Bxg2 18. Kxg2 Rfd8 19. Rfc1 Qb7+ 20. f3 Nd5 21. Rxc8
Rxc8 22. e4 Nf6 23. a4 b4 24. Qb5 Qa8 25. Re1 a6 26. Qd3 Qb7 27. Nc4 h5 28. Nb6
Rd8 29. Qc4 Nd7 30. a5 Nxb6 31. axb6 Rc8 32. Qd3 Bd8 33. Ra1 Bxb6 34. Bxb6 Qxb6
35. Rxa6 Qc5 36. Ra2 Qc3 37. Qd1 Qe3 38. Qd7 Qc1 39. Rf2 g6 40. Qb7 Qc3 41. f4
Rc5 42. f5 exf5 43. exf5 Rxf5 44. Rxf5 gxf5 45. Qe7 Qd2+ 46. Kh3 Kg7 47. Qe5+
Kg6 48. Qh8 Qd5 49. Qg8+ Kf6 50. Qh8+ Ke7 51. Qb2 f4 52. Qe2+ Qe6+ 53. Qxe6+
Kxe6 54. g4 hxg4+ 55. Kxg4 Ke5 56. Kf3 Kf5 57. h4 0-1

[Event "CZECH OPEN 2011 "]
[Site "Pardubice (CZE)"]
[Date "2011.07.28"]
[Round "7.45"]
[White "Neuman, Petr"]
[Black "Graf, Felix"]
[Result "1-0"]
[WhiteElo "2454"]
[BlackElo "2352"]
[PlyCount "55"]
[EventDate "2011.07.22"]

1. c4 Nf6 2. Nc3 c6 3. d4 d5 4. e3 Bf5 5. cxd5 cxd5 6. Qb3 Bc8 7. f4 e6 8. Nf3
Be7 9. Bd3 O-O 10. O-O b6 11. Bd2 Bb7 12. Ne5 Ne8 13. a4 f6 14. Qc2 fxe5 15.
Bxh7+ Kh8 16. fxe5 Nd7 17. Bd3 Bg5 18. Be2 Qe7 19. Qg6 Kg8 20. Bd3 Rxf1+ 21.
Rxf1 Nf8 22. Qh5 Nc7 23. h4 Bxh4 24. Rf4 g5 25. Rg4 Qg7 26. g3 Qh8 27. Qxh4
Qxh4 28. gxh4 1-0

[Event "CZECH OPEN 2011 "]
[Site "Pardubice (CZE)"]
[Date "2011.07.28"]
[Round "7.46"]
[White "Llorente Zaro, Alfonso"]
[Black "Radovanovic, Jovica"]
[Result "1/2-1/2"]
[WhiteElo "2453"]
[BlackElo "2323"]
[PlyCount "21"]
[EventDate "2011.07.22"]

1. c4 e5 2. g3 Nf6 3. Bg2 d5 4. cxd5 Nxd5 5. Nf3 Nc6 6. O-O Nb6 7. d3 Be7 8.
Nbd2 O-O 9. a3 a5 10. b3 f5 11. Bb2 1/2-1/2

[Event "CZECH OPEN 2011 "]
[Site "Pardubice (CZE)"]
[Date "2011.07.28"]
[Round "7.47"]
[White "Kersten, Uwe"]
[Black "Gonzalez Menendez, Ivan"]
[Result "1/2-1/2"]
[WhiteElo "2314"]
[BlackElo "2448"]
[PlyCount "30"]
[EventDate "2011.07.22"]

1. e4 c5 2. Nf3 e6 3. d3 d5 4. Qe2 Be7 5. g3 Nf6 6. Bg2 O-O 7. O-O Nc6 8. e5
Nd7 9. c4 dxc4 10. dxc4 Qc7 11. Bf4 b6 12. Nc3 a6 13. h4 Bb7 14. Rad1 Rfd8 15.
h5 Nf8 1/2-1/2

[Event "CZECH OPEN 2011 "]
[Site "Pardubice (CZE)"]
[Date "2011.07.28"]
[Round "7.48"]
[White "Szablowski, Pawel"]
[Black "Ruckschloss, Karol"]
[Result "1-0"]
[WhiteElo "2433"]
[BlackElo "2312"]
[PlyCount "79"]
[EventDate "2011.07.22"]

1. d4 f5 2. Bg5 c6 3. Nf3 Qb6 4. Nbd2 Qxb2 5. e4 fxe4 6. Nxe4 Nf6 7. Bd3 Nxe4
8. Bxe4 Qc3+ 9. Bd2 Qc4 10. Bd3 Qe6+ 11. Be3 g6 12. Ng5 Qf6 13. Ne4 Qf7 14. h4
Kd8 15. Ng5 Qf6 16. Rh3 h6 17. Rf3 hxg5 18. Rxf6 exf6 19. Qf3 Be7 20. Bxg6 Rxh4
21. g3 Rh6 22. Bf5 Na6 23. d5 cxd5 24. Qxd5 Rh8 25. Kf1 Nb4 26. Qf3 Kc7 27. Kg1
Nc6 28. Rd1 b6 29. Qd5 Rd8 30. c4 Bb7 31. Be4 Rab8 32. c5 b5 33. Qf5 b4 34. f4
a5 35. fxg5 fxg5 36. Bxc6 Bxc6 37. Qe5+ Kb7 38. Qxe7 Re8 39. Rxd7+ Ka6 40. Qd6
1-0

[Event "CZECH OPEN 2011 "]
[Site "Pardubice (CZE)"]
[Date "2011.07.28"]
[Round "7.49"]
[White "Akesson, Ralf"]
[Black "Meskovs, Nikita"]
[Result "1-0"]
[WhiteElo "2429"]
[BlackElo "2273"]
[PlyCount "63"]
[EventDate "2011.07.22"]

1. Nf3 d5 2. d4 c5 3. c4 cxd4 4. cxd5 Qa5+ 5. Qd2 Qxd2+ 6. Bxd2 Nf6 7. Nxd4
Nxd5 8. e4 Nb6 9. Nb5 Na6 10. Be3 e5 11. N1c3 Be6 12. Be2 Be7 13. O-O O-O 14.
Rfd1 Rfd8 15. Nxa7 Nc4 16. Bxc4 Bxc4 17. b3 Be6 18. Nab5 Nb4 19. Nc7 Rxd1+ 20.
Rxd1 Rc8 21. Nxe6 fxe6 22. Rd7 Rxc3 23. Rxe7 b5 24. Rb7 Nxa2 25. Rxb5 Kf7 26.
h4 Kf6 27. g4 Rd3 28. Kg2 h6 29. Rb7 g5 30. h5 Nc3 31. Bc5 Nxe4 32. Bf8 1-0

[Event "CZECH OPEN 2011 "]
[Site "Pardubice (CZE)"]
[Date "2011.07.28"]
[Round "7.51"]
[White "Steinberg, Nitzan"]
[Black "Feuerstack, Aljoscha"]
[Result "0-1"]
[WhiteElo "2259"]
[BlackElo "2421"]
[PlyCount "80"]
[EventDate "2011.07.22"]

1. e4 e6 2. d4 d5 3. Nd2 Nf6 4. e5 Nfd7 5. Ndf3 c5 6. c3 Nc6 7. a3 f6 8. exf6
Qxf6 9. Bg5 Qf7 10. b4 cxd4 11. b5 Na5 12. cxd4 Bd6 13. Bd2 Nc4 14. Bxc4 dxc4
15. Qe2 O-O 16. Nh3 e5 17. Nhg5 Qd5 18. Qe4 Qxe4+ 19. Nxe4 Bb8 20. O-O-O exd4
21. Bb4 Re8 22. Rxd4 Ne5 23. Nxe5 Bxe5 24. Rxc4 Be6 25. Rc5 Bd4 26. Rc7 Bb6 27.
Rc3 Bd7 28. Nd6 Re2 29. Bc5 Ba5 30. Rc2 Rxc2+ 31. Kxc2 Bxb5 32. Nxb7 Rc8 33.
Kb2 Bd2 34. Rd1 Bg5 35. Be3 Bf6+ 36. Bd4 Ba4 37. Rd2 Rb8 38. Bxf6 Rxb7+ 39. Ka2
gxf6 40. Rd8+ Kf7 0-1

[Event "CZECH OPEN 2011 "]
[Site "Pardubice (CZE)"]
[Date "2011.07.28"]
[Round "7.52"]
[White "Majer, Jiri"]
[Black "Mishuchkov, Nikolai"]
[Result "1/2-1/2"]
[WhiteElo "2217"]
[BlackElo "2415"]
[PlyCount "63"]
[EventDate "2011.07.22"]

1. d4 Nf6 2. Nf3 g6 3. g3 Bg7 4. Bg2 d6 5. O-O c6 6. c4 Bf5 7. Nc3 Ne4 8. Nh4
Nxc3 9. bxc3 Be6 10. Rb1 b6 11. Qa4 O-O 12. e4 Qc8 13. Re1 Qa6 14. Qxa6 Nxa6
15. Bf1 Nc7 16. Nf3 h6 17. h4 Rfc8 18. Bf4 Bd7 19. Bg2 b5 20. Nd2 e5 21. Be3
bxc4 22. Nxc4 Nb5 23. dxe5 dxe5 24. Rbc1 Be6 25. Bf1 Bxc4 26. Bxc4 Rd8 27. Bxb5
cxb5 28. a4 bxa4 29. Ra1 Rdc8 30. Rxa4 Rxc3 31. Rxa7 Rxa7 32. Bxa7 1/2-1/2

[Event "CZECH OPEN 2011 "]
[Site "Pardubice (CZE)"]
[Date "2011.07.28"]
[Round "7.53"]
[White "Samolins, Vitalijs"]
[Black "Kutynec, Vladimir"]
[Result "1-0"]
[WhiteElo "2412"]
[BlackElo "2259"]
[PlyCount "115"]
[EventDate "2011.07.22"]

1. e4 d5 2. exd5 Qxd5 3. Nc3 Qa5 4. d4 Nf6 5. Nf3 Bg4 6. h3 Bh5 7. g4 Bg6 8.
Ne5 e6 9. Bg2 Be4 10. Bxe4 Nxe4 11. Qf3 Nd6 12. Bd2 f6 13. Nd3 Nc6 14. Ne2 Qd5
15. Qxd5 exd5 16. c3 Nc4 17. Bf4 Kd7 18. b3 Na3 19. O-O-O a5 20. Nc5+ Kc8 21.
Ne6 Nb5 22. c4 Ba3+ 23. Kd2 Nd6 24. Bxd6 Bxd6 25. c5 Bf8 26. N2f4 Ne7 27. Nh5
Kd7 28. Nexg7 Ra6 29. Rhg1 Rg8 30. Nf5 Nxf5 31. gxf5 Rg5 32. Ng3 Ke7 33. Ke3
Kf7 34. Kf3 Ra8 35. h4 Rg8 36. Rge1 Re8 37. Rxe8 Kxe8 38. Rb1 Kf7 39. Re1 Be7
40. Nh5 c6 41. a3 b6 42. b4 bxc5 43. bxc5 Rb8 44. Nf4 Rb3+ 45. Re3 a4 46. Kg4
Rb2 47. Re2 Rb3 48. Re6 Rxa3 49. Rxc6 Ra2 50. Ra6 a3 51. Kf3 Ra1 52. Nxd5 Rd1
53. Nxe7 Kxe7 54. Ke4 Ra1 55. Kd5 Kd7 56. Rxf6 Kc7 57. Ra6 Kb7 58. Ra4 1-0

[Event "CZECH OPEN 2011 "]
[Site "Pardubice (CZE)"]
[Date "2011.07.28"]
[Round "7.55"]
[White "Biolek, Richard Jr"]
[Black "Gruenter, Martin"]
[Result "1-0"]
[WhiteElo "2409"]
[BlackElo "2241"]
[PlyCount "81"]
[EventDate "2011.07.22"]

1. Nf3 c5 2. g3 b6 3. Bg2 Bb7 4. O-O Nf6 5. d3 e6 6. e4 d6 7. Re1 Nbd7 8. Nbd2
Qc7 9. Nf1 Be7 10. h3 O-O 11. g4 Ne5 12. Ng3 Rfd8 13. b3 b5 14. c4 a6 15. Bb2
Bf8 16. g5 Nfd7 17. h4 Nxf3+ 18. Qxf3 Ne5 19. Qe2 Ng6 20. Qg4 Ne5 21. Qe2 Ng6
22. Nh5 e5 23. Qg4 Bc8 24. Qg3 Qd7 25. f3 a5 26. a4 bxa4 27. bxa4 Rb8 28. Bc3
Qc7 29. Bh3 Rb3 30. Rec1 Bb7 31. Qe1 Ra8 32. Qd1 Rb6 33. Qd2 Nxh4 34. Kf2 Rba6
35. Rh1 Ng6 36. Bf5 Bc8 37. Rh2 Ne7 38. Nf6+ gxf6 39. Bxh7+ Kg7 40. Qf4 f5 41.
Qh4 1-0

[Event "CZECH OPEN 2011 "]
[Site "Pardubice (CZE)"]
[Date "2011.07.28"]
[Round "7.56"]
[White "Yakimenko, Alexander A"]
[Black "Nguyen, Chi-Minh"]
[Result "0-1"]
[WhiteElo "2178"]
[BlackElo "2409"]
[PlyCount "40"]
[EventDate "2011.07.22"]

1. d4 Nf6 2. c4 e6 3. Nc3 Bb4 4. Qc2 O-O 5. Nf3 c5 6. a3 Bxc3+ 7. bxc3 Nc6 8.
e4 d5 9. e5 Ne4 10. Bd3 cxd4 11. Bxe4 dxe4 12. Qxe4 Qa5 13. O-O dxc3 14. Ng5 f5
15. exf6 Qf5 16. fxg7 Kxg7 17. Qe3 e5 18. Nf3 Be6 19. Qxc3 Rad8 20. Nxe5 Qxf2+
0-1

[Event "CZECH OPEN 2011 "]
[Site "Pardubice (CZE)"]
[Date "2011.07.28"]
[Round "7.57"]
[White "Zpevak, Pavel"]
[Black "Kratochvil, Josef"]
[Result "1-0"]
[WhiteElo "2409"]
[BlackElo "2230"]
[PlyCount "77"]
[EventDate "2011.07.22"]

1. d4 Nf6 2. c4 c5 3. d5 e6 4. Nc3 exd5 5. cxd5 d6 6. e4 g6 7. Nf3 a6 8. a4 Bg4
9. Be2 Bxf3 10. Bxf3 Bg7 11. O-O O-O 12. Rb1 Nbd7 13. b3 Rb8 14. Bd2 Re8 15.
Re1 b5 16. axb5 axb5 17. b4 c4 18. Ra1 Ne5 19. Be2 h5 20. h3 Nfd7 21. Ra6 Rb6
22. Ra5 Qb8 23. f4 Nd3 24. Bxd3 cxd3 25. Qf3 Rc8 26. Qxd3 g5 27. e5 gxf4 28. e6
fxe6 29. dxe6 Ne5 30. Qd5 Re8 31. Rea1 Qc8 32. Ra8 Rb8 33. Rxb8 Qxb8 34. Ra6
Kh7 35. Rxd6 f3 36. Be3 fxg2 37. Bd4 Nf3+ 38. Qxf3 Qxd6 39. Qxh5+ 1-0

[Event "CZECH OPEN 2011 "]
[Site "Pardubice (CZE)"]
[Date "2011.07.28"]
[Round "7.58"]
[White "Kyas, Philipp"]
[Black "Seger, Ruediger"]
[Result "1/2-1/2"]
[WhiteElo "2017"]
[BlackElo "2390"]
[PlyCount "90"]
[EventDate "2011.07.22"]

1. d4 Nf6 2. c4 c5 3. d5 b5 4. cxb5 a6 5. e3 g6 6. Nc3 d6 7. e4 Bg7 8. f4 O-O
9. Nf3 axb5 10. Bxb5 Nxe4 11. Nxe4 Qa5+ 12. Nc3 Bxc3+ 13. bxc3 Qxb5 14. Kf2 Qc4
15. Re1 Re8 16. Qd2 Nd7 17. f5 Nf6 18. fxg6 fxg6 19. Kg1 Qxd5 20. Qf4 Bb7 21.
Rb1 Rxa2 22. c4 Qc6 23. Bb2 Nh5 24. Qg5 e5 25. Nd2 Rf8 26. Ne4 Nf6 27. Nc3 Raa8
28. Rbd1 Rad8 29. Re2 Qe8 30. Rf1 Qe6 31. Ref2 Nd7 32. Nb5 Rc8 33. Nc7 Rxc7 34.
Rxf8+ Nxf8 35. Rxf8+ Kxf8 36. Qd8+ Kf7 37. Qxc7+ Qe7 38. Qb8 Kg7 39. Bc3 Be4
40. h4 Bd3 41. Ba5 e4 42. Bd8 Qe6 43. Bg5 Bxc4 44. Qc7+ Qf7 45. Qxd6 h6 1/2-1/2

[Event "CZECH OPEN 2011 "]
[Site "Pardubice (CZE)"]
[Date "2011.07.28"]
[Round "7.60"]
[White "Bures, Jaroslav"]
[Black "Straka, Vojtech"]
[Result "1-0"]
[WhiteElo "2380"]
[BlackElo "2200"]
[PlyCount "51"]
[EventDate "2011.07.22"]

1. e4 c5 2. Nf3 e6 3. d4 cxd4 4. Nxd4 Nf6 5. Nc3 Nc6 6. Ndb5 Bb4 7. a3 Bxc3+ 8.
Nxc3 d5 9. exd5 exd5 10. Bd3 d4 11. Ne2 Bf5 12. O-O Bxd3 13. Qxd3 O-O 14. Rd1
Rc8 15. b4 Qe7 16. Bg5 h6 17. Bh4 Rfd8 18. Ng3 Qe5 19. b5 Na5 20. Nf5 Rc4 21.
Re1 Qf4 22. Bxf6 gxf6 23. Re4 Qxf5 24. Re8+ Rxe8 25. Qxf5 Rec8 26. h4 1-0

[Event "CZECH OPEN 2011 "]
[Site "Pardubice (CZE)"]
[Date "2011.07.28"]
[Round "7.61"]
[White "Taddei, Benoit"]
[Black "Totsky, Leonid"]
[Result "0-1"]
[WhiteElo "2288"]
[BlackElo "2484"]
[PlyCount "80"]
[EventDate "2011.07.22"]

1. e4 c5 2. Nf3 Nf6 3. e5 Nd5 4. Nc3 Nxc3 5. dxc3 Nc6 6. Bf4 b6 7. Bc4 e6 8.
O-O Bb7 9. Re1 Qc7 10. Ng5 h6 11. Ne4 Na5 12. Nd6+ Bxd6 13. exd6 Qc6 14. Bf1
O-O 15. Re3 Qd5 16. Qe2 Qf5 17. Bg3 f6 18. f4 Bd5 19. Qd2 c4 20. b3 Rac8 21.
Be2 Nb7 22. bxc4 Bxc4 23. Bf3 Nc5 24. a4 Bd5 25. Bxd5 exd5 26. a5 Ne4 27. Qe1
b5 28. a6 Rc6 29. Bf2 Qxf4 30. Rf3 Qxd6 31. Bxa7 Ra8 32. Bd4 Rcxa6 33. Rd1 Qc6
34. Rfd3 Ra2 35. Qe2 b4 36. Rf1 b3 37. Qg4 Rxc2 38. Rdf3 b2 39. Rxf6 Nxf6 40.
Bxf6 Qxf6 0-1

[Event "CZECH OPEN 2011 "]
[Site "Pardubice (CZE)"]
[Date "2011.07.28"]
[Round "7.62"]
[White "Gafner, Evgeny J"]
[Black "Bernadskiy, Vitaliy"]
[Result "0-1"]
[WhiteElo "2287"]
[BlackElo "2453"]
[PlyCount "79"]
[EventDate "2011.07.22"]

1. e4 c5 2. Nf3 Nc6 3. d4 cxd4 4. Nxd4 e6 5. Nxc6 bxc6 6. Bd3 Nf6 7. O-O e5 8.
b3 Be7 9. Bb2 d6 10. c4 Nd7 11. Nc3 O-O 12. Ba3 c5 13. Nd5 a5 14. Bc2 Nb8 15.
f4 Nc6 16. fxe5 Nxe5 17. Bb2 Bg5 18. Bxe5 dxe5 19. Qe2 Qd6 20. Rad1 Qh6 21. Qf2
Bg4 22. Qxc5 Bxd1 23. Rxd1 Qh5 24. Qf2 Rac8 25. Rd3 Bh4 26. g3 Bd8 27. Rc3 g6
28. c5 Rc6 29. a3 f5 30. exf5 gxf5 31. b4 axb4 32. axb4 Ra6 33. Bb3 Ra1+ 34.
Kg2 Kh8 35. c6 f4 36. Nxf4 exf4 37. c7 Bxc7 38. Qb2 Be5 39. Qxa1 f3+ 40. Kh1
0-1

[Event "CZECH OPEN 2011 "]
[Site "Pardubice (CZE)"]
[Date "2011.07.28"]
[Round "7.63"]
[White "Breder, Dennis"]
[Black "Overbeck, Thorsten"]
[Result "1/2-1/2"]
[WhiteElo "2443"]
[BlackElo "2285"]
[PlyCount "72"]
[EventDate "2011.07.22"]

1. d4 d5 2. c4 c6 3. cxd5 cxd5 4. Nf3 Nf6 5. Nc3 Nc6 6. Bf4 a6 7. Ne5 e6 8. e3
Be7 9. Bd3 O-O 10. O-O Bd7 11. Rc1 Rc8 12. Qe2 Qa5 13. Bg5 Rc7 14. f4 b5 15.
Bxf6 Bxf6 16. Nxd5 exd5 17. Nxd7 Rxd7 18. Rxc6 Rfd8 19. a3 Re7 20. Qf2 Rde8 21.
Rc3 Qb6 22. Rd1 g6 23. Bf1 a5 24. g3 b4 25. axb4 axb4 26. Rcd3 h5 27. Bg2 Qb5
28. h4 Kg7 29. Kh2 Qc4 30. Bf3 Qb5 31. Kg2 Qc4 32. R1d2 Qb5 33. Rd1 Qc4 34. Kh2
Qb5 35. Qd2 Rc7 36. Qf2 Rec8 1/2-1/2

[Event "CZECH OPEN 2011 "]
[Site "Pardubice (CZE)"]
[Date "2011.07.28"]
[Round "7.64"]
[White "Bodnaruk, Anastasia"]
[Black "Stastny, Jan"]
[Result "1-0"]
[WhiteElo "2431"]
[BlackElo "2271"]
[PlyCount "39"]
[EventDate "2011.07.22"]

1. e4 c5 2. Nf3 d6 3. d4 cxd4 4. Nxd4 Nf6 5. Nc3 Nc6 6. Bg5 e6 7. Qd2 Be7 8.
O-O-O O-O 9. f4 Nxd4 10. Qxd4 Qa5 11. Bc4 Bd7 12. e5 dxe5 13. fxe5 Bc6 14. Bd2
Bc5 15. Qh4 Nd7 16. Rhe1 Rac8 17. Nd5 Qa4 18. Nf6+ gxf6 19. Bh6 Kh8 20. Rxd7
1-0

[Event "CZECH OPEN 2011 "]
[Site "Pardubice (CZE)"]
[Date "2011.07.28"]
[Round "7.67"]
[White "Ponizil, Cyril"]
[Black "Furman, Boris"]
[Result "1-0"]
[WhiteElo "2388"]
[BlackElo "2262"]
[PlyCount "103"]
[EventDate "2011.07.22"]

1. c4 e6 2. g3 Nf6 3. Bg2 d5 4. Nf3 d4 5. O-O c5 6. d3 Nc6 7. a3 a5 8. e3 e5 9.
exd4 exd4 10. Bf4 Be7 11. Ne5 Nxe5 12. Bxe5 O-O 13. h3 Bd6 14. Bxd6 Qxd6 15.
Nd2 Bd7 16. g4 h6 17. Re1 Rfe8 18. Bxb7 Rab8 19. Rxe8+ Bxe8 20. Ne4 Nxe4 21.
Bxe4 Rxb2 22. Qf3 Qf6 23. Qxf6 gxf6 24. Kg2 Kf8 25. Kg3 Ke7 26. Re1 Bd7 27. h4
Kd6 28. h5 Rb3 29. Kf4 Rxa3 30. Rb1 Ra2 31. f3 a4 32. Rb6+ Ke7 33. Rb7 Kd6 34.
Rb6+ Ke7 35. Rb7 Kd6 36. Bf5 Be6 37. Rb6+ Ke7 38. Rb5 Kd6 39. Rb6+ Kc7 40. Ra6
a3 41. Be4 Bc8 42. Rc6+ Kd8 43. Rxc5 Rd2 44. Ra5 a2 45. Bd5 Rxd3 46. Rxa2 Be6
47. Ke4 Rd1 48. Ra3 f5+ 49. gxf5 Bxd5+ 50. Kxd5 Rh1 51. Kd6 Kc8 52. c5 1-0

[Event "CZECH OPEN 2011 "]
[Site "Pardubice (CZE)"]
[Date "2011.07.28"]
[Round "7.69"]
[White "Sabol, Marian"]
[Black "Swan, Iain"]
[Result "1-0"]
[WhiteElo "2372"]
[BlackElo "2248"]
[PlyCount "83"]
[EventDate "2011.07.22"]

1. d4 d5 2. Nf3 Nc6 3. g3 Bf5 4. Bg2 Nb4 5. Na3 e6 6. O-O Be7 7. c4 c6 8. Bd2
Qc8 9. c5 Na6 10. b4 Nc7 11. b5 cxb5 12. Qb3 a6 13. Ba5 Nf6 14. Nb1 O-O 15. Nc3
Ne4 16. Rfc1 Bf6 17. e3 Rb8 18. Ne2 h6 19. Nf4 g5 20. Nd3 Bg7 21. Nfe1 Bh7 22.
f3 Nf6 23. c6 b6 24. Bb4 Re8 25. Bd6 Rd8 26. Be5 Nfe8 27. Bxg7 Kxg7 28. Ne5 Nd6
29. Nd7 Rxd7 30. cxd7 Qxd7 31. Bf1 Nc4 32. Bd3 f5 33. Kf2 Qd6 34. f4 Ne8 35.
Nf3 Nf6 36. Ne5 Rb7 37. a4 Na5 38. Qc2 bxa4 39. Rxa4 Bg6 40. Qc8 Re7 41. Qxa6
Be8 42. Rxa5 1-0

[Event "CZECH OPEN 2011 "]
[Site "Pardubice (CZE)"]
[Date "2011.07.28"]
[Round "7.70"]
[White "Andre, Gordon"]
[Black "Folk, Petr"]
[Result "1-0"]
[WhiteElo "2368"]
[BlackElo "2257"]
[PlyCount "87"]
[EventDate "2011.07.22"]

1. d4 Nf6 2. c4 g6 3. Nc3 Bg7 4. e4 d6 5. Nge2 O-O 6. Ng3 c5 7. d5 e6 8. Be2
exd5 9. cxd5 Na6 10. O-O Nc7 11. a4 Rb8 12. Bg5 h6 13. Be3 b6 14. f4 Nd7 15.
Qd2 Kh7 16. Bd3 Bb7 17. Nb5 Nf6 18. h3 Re8 19. Rae1 a6 20. Nc3 Bc8 21. Bb1 Bb7
22. Ba2 b5 23. e5 b4 24. Nce4 Nfxd5 25. Nxd6 Nxe3 26. Rxe3 Ne6 27. Qd3 Qh4 28.
Nxe8 Rxe8 29. Bxe6 fxe6 30. Ne4 Rf8 31. Nxc5 Bd5 32. Rg3 Rf5 33. Kh2 g5 34. Rg4
Qh5 35. Nd7 Qf7 36. Nf6+ Bxf6 37. exf6 Qxf6 38. fxg5 hxg5 39. Rxf5 exf5 40. h4
Qd6+ 41. Qg3 Qxg3+ 42. Rxg3 gxh4 43. Rd3 Bc6 44. a5 1-0

[Event "CZECH OPEN 2011 "]
[Site "Pardubice (CZE)"]
[Date "2011.07.28"]
[Round "7.71"]
[White "Lorscheid, Gerhard"]
[Black "Jasny, Stanislav"]
[Result "1/2-1/2"]
[WhiteElo "2265"]
[BlackElo "2366"]
[PlyCount "33"]
[EventDate "2011.07.22"]

1. d4 Nf6 2. c4 d6 3. Nf3 Nbd7 4. Nc3 e5 5. e4 g6 6. Be2 Bg7 7. O-O O-O 8. Qc2
c6 9. Rd1 Qe7 10. Bg5 h6 11. Bh4 Re8 12. d5 c5 13. Nd2 Nb8 14. a3 Na6 15. Rab1
Qf8 16. b4 Nd7 17. Nb5 1/2-1/2

[Event "CZECH OPEN 2011 "]
[Site "Pardubice (CZE)"]
[Date "2011.07.28"]
[Round "7.72"]
[White "Givon, Asaf"]
[Black "Kashlinskaya, Alina"]
[Result "1/2-1/2"]
[WhiteElo "2262"]
[BlackElo "2360"]
[PlyCount "77"]
[EventDate "2011.07.22"]

1. e4 e5 2. Nf3 Nc6 3. Bb5 a6 4. Bxc6 dxc6 5. O-O Bd6 6. d4 exd4 7. Qxd4 f6 8.
Be3 Ne7 9. Nbd2 Be6 10. Qc3 Ng6 11. Nd4 Qe7 12. Nxe6 Qxe6 13. Qb3 Qxb3 14. axb3
O-O-O 15. Rad1 Rhe8 16. f4 Bb4 17. c3 Rd3 18. Kf2 Bf8 19. Ke2 Rd7 20. g3 c5 21.
Kf3 b6 22. Rfe1 b5 23. Nf1 Bd6 24. Rd5 Ne7 25. Rh5 Ng8 26. Ra1 g6 27. Rd5 Rde7
28. Nd2 Kb7 29. Bxc5 Bxc5 30. Rxc5 Rd7 31. Rd5 Rxd5 32. exd5 f5 33. b4 Nf6 34.
Nb3 Kb6 35. Nc5 Ra8 36. Rd1 Rd8 37. Ra1 Ra8 38. Rd1 Rd8 39. Ra1 1/2-1/2

[Event "CZECH OPEN 2011 "]
[Site "Pardubice (CZE)"]
[Date "2011.07.28"]
[Round "7.73"]
[White "Ageichenko, Genadi A"]
[Black "Wagener, Claude"]
[Result "1/2-1/2"]
[WhiteElo "2356"]
[BlackElo "2232"]
[PlyCount "58"]
[EventDate "2011.07.22"]

1. Nf3 Nf6 2. c4 g6 3. Nc3 d5 4. cxd5 Nxd5 5. d4 Bg7 6. Bd2 O-O 7. Rc1 Nb6 8.
Bf4 c5 9. dxc5 Bxc3+ 10. bxc3 Qxd1+ 11. Rxd1 Na4 12. Bh6 Re8 13. e3 Nxc5 14.
Nd4 a6 15. Be2 e5 16. Nb3 Na4 17. Rc1 Be6 18. f4 Nd7 19. O-O Rac8 20. c4 f5 21.
Rfd1 Nf6 22. fxe5 Ne4 23. Bf1 Nac3 24. Rd4 Nxa2 25. Rb1 Nac3 26. Rb2 Na4 27.
Rb1 Nac3 28. Rb2 Na4 29. Rb1 Nac3 1/2-1/2

[Event "CZECH OPEN 2011 "]
[Site "Pardubice (CZE)"]
[Date "2011.07.28"]
[Round "7.74"]
[White "Migot, Tangi"]
[Black "Cerveny, Martin"]
[Result "0-1"]
[WhiteElo "2254"]
[BlackElo "2347"]
[PlyCount "110"]
[EventDate "2011.07.22"]

1. e4 c5 2. Nf3 d6 3. d4 cxd4 4. Nxd4 Nf6 5. Nc3 a6 6. Be3 e5 7. Nb3 Be6 8. h3
Nbd7 9. Qf3 Rc8 10. g4 h6 11. O-O-O b5 12. Kb1 Be7 13. Rg1 Rxc3 14. bxc3 Qa8
15. Bg2 a5 16. Qe2 a4 17. Nc1 Qc6 18. f4 Qxc3 19. f5 Bc4 20. Qd2 Qa3 21. c3 b4
22. Qb2 Qxc3 23. Qxc3 bxc3 24. Kc2 O-O 25. Kxc3 Rc8 26. Kb2 Rb8+ 27. Ka1 d5 28.
Nd3 d4 29. g5 dxe3 30. gxf6 Nxf6 31. Rge1 Bxd3 32. Rxd3 Bc5 33. Rexe3 Bxe3 34.
Rxe3 Rd8 35. Bf3 Rd2 36. Kb1 Kf8 37. a3 Ke7 38. Kc1 Rd4 39. Kc2 Nd7 40. Rd3 Kd6
41. Bh5 Nc5 42. Rxd4+ exd4 43. Bxf7 Ke5 44. Bg6 Nxe4 45. Kd3 Nd6 46. Bh5 Nb5
47. Be8 Nxa3 48. Bxa4 Nb1 49. Bd7 Nc3 50. h4 Nd5 51. Ke2 Ne3 52. Kf3 Nxf5 53.
h5 Ne3 54. Be8 Nd5 55. Bb5 Nf6 0-1

[Event "CZECH OPEN 2011 "]
[Site "Pardubice (CZE)"]
[Date "2011.07.28"]
[Round "7.75"]
[White "Kriebel, Tadeas"]
[Black "Sakovich, Igor"]
[Result "1-0"]
[WhiteElo "2343"]
[BlackElo "2218"]
[PlyCount "41"]
[EventDate "2011.07.22"]

1. e4 c5 2. Nf3 e6 3. d4 cxd4 4. Nxd4 a6 5. Nc3 Qc7 6. Be2 b5 7. O-O b4 8. Na4
Bb7 9. Be3 Nc6 10. Nxc6 Bxc6 11. c4 Nf6 12. Nb6 Rb8 13. Nd5 exd5 14. cxd5 Bb5
15. Rc1 Bxe2 16. Qxe2 Qb7 17. Bf4 Rc8 18. Rxc8+ Qxc8 19. d6 g6 20. Re1 Qd8 21.
Qxa6 1-0

[Event "CZECH OPEN 2011 "]
[Site "Pardubice (CZE)"]
[Date "2011.07.28"]
[Round "7.76"]
[White "Zimmermann, Julian"]
[Black "Bartos, Jan"]
[Result "1/2-1/2"]
[WhiteElo "2331"]
[BlackElo "2215"]
[PlyCount "23"]
[EventDate "2011.07.22"]

1. e4 e5 2. Nf3 Nf6 3. d3 Nc6 4. c3 a5 5. Qc2 g6 6. Be2 Bg7 7. b3 O-O 8. Bb2 b6
9. O-O Ba6 10. a3 d5 11. b4 Qe7 12. Re1 1/2-1/2

[Event "CZECH OPEN 2011 "]
[Site "Pardubice (CZE)"]
[Date "2011.07.28"]
[Round "7.16"]
[White "Lintchevski, Daniil"]
[Black "Levin, Evgeny A"]
[Result "1/2-1/2"]
[WhiteElo "2553"]
[BlackElo "2465"]
[PlyCount "41"]
[EventDate "2011.07.22"]

1. c3 b6 2. e4 Bb7 3. Qc2 e6 4. d4 c5 5. Nf3 cxd4 6. Nxd4 Nc6 7. Nxc6 Bxc6 8.
Be3 Nf6 9. Nd2 Be7 10. O-O-O O-O 11. e5 Nd5 12. Bd3 h6 13. Ne4 f5 14. exf6 Nxf6
15. Nxf6+ Bxf6 16. Be4 Bxe4 17. Qxe4 Qe7 18. Kb1 Rae8 19. Qg4 Kh8 20. Rhe1 Qf7
21. f3 1/2-1/2

[Event "CZECH OPEN 2011 "]
[Site "Pardubice (CZE)"]
[Date "2011.07.28"]
[Round "7.18"]
[White "Luther, Thomas"]
[Black "Rozum, Ivan"]
[Result "1/2-1/2"]
[WhiteElo "2515"]
[BlackElo "2464"]
[PlyCount "88"]
[EventDate "2011.07.22"]

1. e4 c6 2. d4 d5 3. Nd2 dxe4 4. Nxe4 Bf5 5. Ng3 Bg6 6. h4 h6 7. Nf3 Nd7 8. h5
Bh7 9. Bd3 Bxd3 10. Qxd3 e6 11. Bd2 Ngf6 12. O-O-O Qc7 13. Ne4 O-O-O 14. g3
Nxe4 15. Qxe4 Be7 16. Bf4 Bd6 17. Bxd6 Qxd6 18. Ne5 Nxe5 19. dxe5 Qc5 20. Qf4
Rxd1+ 21. Rxd1 Rd8 22. Rxd8+ Kxd8 23. a3 Ke8 24. g4 Qd5 25. b3 Qh1+ 26. Kb2 Qd5
27. Qe3 b6 28. a4 Ke7 29. f3 Ke8 30. f4 Kd7 31. f5 Qd1 32. Qe4 Qd2 33. Ka2 Kc7
34. Kb2 a5 35. Qd3 Qb4 36. Ka2 Qc5 37. Qe4 Qc3 38. Kb1 b5 39. axb5 cxb5 40. Qf4
a4 41. bxa4 bxa4 42. Qxa4 Qxe5 43. Qa7+ Kc6 44. Qxf7 Qe1+ 1/2-1/2

[Event "CZECH OPEN 2011 "]
[Site "Pardubice (CZE)"]
[Date "2011.07.28"]
[Round "7.20"]
[White "Romanko, Marina"]
[Black "Jojua, Davit"]
[Result "1/2-1/2"]
[WhiteElo "2402"]
[BlackElo "2505"]
[PlyCount "35"]
[EventDate "2011.07.22"]

1. d4 g6 2. Nf3 Bg7 3. g3 c5 4. d5 d6 5. Bg2 Nf6 6. O-O O-O 7. c4 e6 8. Nc3
exd5 9. cxd5 a6 10. a4 Nbd7 11. h3 Re8 12. Nd2 Nh5 13. a5 Rb8 14. Nc4 Ne5 15.
Nb6 Nd7 16. Nc4 Ne5 17. Nb6 Nd7 18. Nc4 1/2-1/2